| 000 | 00912cab a2200313 4500 | ||
|---|---|---|---|
| 001 | X2132 | ||
| 008 | 090401t1995 xxu||||| |||| 00| 0 eng d | ||
| 035 | _a(Sirsi) u21956 | ||
| 041 | _aeng | ||
| 100 | _aChrzanowski, A. | ||
| 245 | _aUS supercollider - geodetic control | ||
| 260 | _c1995 | ||
| 350 | _a0 | ||
| 490 |
_aSurveying World _v3(3) March 1995, 22-26(4) |
||
| 520 | _aReports on the surveying technology used for the tunnel of the US Department of Energy`s Superconducting Super Collider project in Texas. | ||
| 650 | _aGEODESY | ||
| 650 | _aGPS | ||
| 650 | _aSSC | ||
| 650 | _aSUPERCONDUCTING SUPER COLLIDER | ||
| 650 | _aTUNNELLING | ||
| 650 | _aTUNNELS | ||
| 650 | _aUNITED STATES | ||
| 690 | _aBUILT ENVIRONMENT | ||
| 690 | _aMANAGEMENT-BUSINESS MANAGEMENT-INFORMATION MANAGEMENT | ||
| 700 | _aGreening, T. | ||
| 700 | _aRobinson, G. | ||
| 942 | _n0 | ||
| 948 | _c04/03/1997 | ||
| 999 |
_c14711 _d14711 |
||